| 000 | 01220cam a22003617a 4500 | ||
|---|---|---|---|
| 003 | CHAP | ||
| 005 | 20220817043917.0 | ||
| 008 | 031002d1996 es a r 00110 spa d | ||
| 010 | _a87771 | ||
| 011 | _a88743 | ||
| 020 | _a8449102642 | ||
| 035 | _a99288 | ||
| 040 | _cCHAP | ||
| 090 | _aFolleto 16679 | ||
| 100 | 0 | 0 |
_aFuentes Yagüe, José Luis. _943903 |
| 245 | 1 | 0 |
_aConceptos de ecología _c/por José Luis Fuentes Yagüe |
| 260 |
_aMadrid : _bMinisterio de Agricultura Pesca y Alimentación, _c1996. |
||
| 300 |
_a43 p. : _bilus. |
||
| 410 | 0 | 0 | _aMinisterio de Agricultura Pesca y Alimentación |
| 490 | 0 |
_aHojas divulgadoras _v; 5-6/95 HD |
|
| 590 |
_aBATCH-UPD _b10 _c20130110 _lUCH01 _h1804 |
||
| 590 |
_aBATCH-UPD _b10 _c20130410 _lUCH01 _h1140 |
||
| 590 |
_aBATCH-UPD _b10 _c20130914 _lUCH01 _h1229 |
||
| 590 |
_aCONVERSION _b10 _c20130109 _lUCH01 _h1349 |
||
| 650 | 1 | 4 |
_aEcología. _935134 |
| 810 | 0 | 0 |
_aMinisterio de Agricultura Pesca y Alimentación _975959 |
| 830 | 0 |
_aHojas divulgadoras _v; 5-6/95 HD |
|
| 901 | _aBK | ||
| 905 | _aAlejandra Carrasco M. | ||
| 942 | _cFOLL | ||
| 949 |
_aFolleto 16679 _bBC _cFOLL _d992881 _eTS1 _i99288 _sb |
||
| 949 |
_aFolleto 16679 _bBC _cFOLL _d992882 _eTS2 _fc.2 _i99288 _sb |
||
| 999 |
_c87771 _d87771 |
||